[Event "4NCL/Div2/W&S vs. ATH"]
[Site "Birmingham ENG"]
[Date "2001.09.22"]
[Round "1.7"]
[White "Jones, Nicholas C"]
[Black "McDonnell, James"]
[Result "1-0"]
[WhiteElo "1864"]
[BlackElo "2047"]
[PlyCount "66"]
[EventDate "2001.09.22"]
[SourceDate "2001.01.01"]

1. e4 c5 2. Nf3 Nc6 3. d4 cxd4 4. Nxd4 Nf6 5. Nc3 d6 6. Nxc6 bxc6 7. Bd3 e5 8.
O-O Be7 9. Bg5 O-O 10. h3 Rb8 11. Rb1 Be6 12. f4 Rb4 13. f5 Bc8 14. Qd2 Rb8 15.
Bc4 Rb4 16. Bd3 Rb8 17. Bc4 Qc7 18. Qe2 Bb7 19. Kh1 Ba8 20. Rfd1 Rfd8 21. Bb3
Rbc8 22. Rd3 Bb7 23. Rd2 Ne8 24. h4 Bf6 25. g4 Ba8 26. Bxf6 gxf6 27. g5 Kh8 28.
Qh5 Qe7 29. Rg2 fxg5 30. hxg5 d5 31. Rh2 f6 32. g6 Rc7 33. Rg1 d4 1-0

[Event "4NCL/Div2/W&S vs. ATH"]
[Site "Birmingham ENG"]
[Date "2001.09.22"]
[Round "1.8"]
[White "McKeown, Paul"]
[Black "Smith, Lucy K"]
[Result "1-0"]
[WhiteElo "2075"]
[BlackElo "1472"]
[PlyCount "49"]
[EventDate "2001.09.22"]
[SourceDate "2001.01.01"]

1. e4 c5 2. Nf3 d6 3. c3 Nf6 4. Be2 g6 5. O-O Bg7 6. Re1 O-O 7. Bf1 Nc6 8. h3
Qc7 9. d4 Rd8 10. a3 a6 11. Bd3 Nd7 12. Be3 e5 13. dxc5 dxc5 14. Qe2 Ne7 15.
Nbd2 Nf8 16. b4 Ne6 17. Bc4 b6 18. b5 a5 19. g3 Nf4 20. Bxf4 exf4 21. Bxf7+ Kh8
22. g4 Bxc3 23. Ra2 Bxd2 24. Rxd2 Rf8 25. Rd7 1-0

[Event "4NCL/Div2/KHE vs. RIC"]
[Site "Birmingham ENG"]
[Date "2001.09.22"]
[Round "1.1"]
[White "McMichael, Richard"]
[Black "Wall, Gavin"]
[Result "1/2-1/2"]
[WhiteElo "2268"]
[BlackElo "2356"]
[PlyCount "27"]
[EventDate "2001.09.22"]
[SourceDate "2001.01.01"]

1. c4 c5 2. g3 Nc6 3. Bg2 g6 4. Nc3 Bg7 5. d3 e6 6. e4 Nge7 7. Nge2 O-O 8. O-O
d6 9. Be3 Nd4 10. Qd2 Rb8 11. Rae1 a6 12. Bh6 b5 13. Bxg7 Kxg7 14. Nxd4 1/2-1/2

[Event "4NCL/Div2/KHE vs. RIC"]
[Site "Birmingham ENG"]
[Date "2001.09.22"]
[Round "1.2"]
[White "Bates, Richard A"]
[Black "Thomas, Richard H"]
[Result "1/2-1/2"]
[WhiteElo "2363"]
[BlackElo "2248"]
[PlyCount "78"]
[EventDate "2001.09.22"]
[SourceDate "2001.01.01"]

1. d4 d5 2. c4 c6 3. Nf3 Nf6 4. e3 e6 5. Bd3 Bd6 6. O-O O-O 7. b3 Nbd7 8. Bb2
Qe7 9. Ne5 Ne8 10. f4 g6 11. Nd2 f6 12. Nxd7 Bxd7 13. e4 e5 14. fxe5 fxe5 15.
Rxf8+ Kxf8 16. exd5 exd4 17. Qf1+ Kg8 18. Re1 Qg7 19. Ne4 cxd5 20. cxd5 Bb4 21.
Rc1 Rc8 22. Rxc8 Bxc8 23. Bb5 Bf5 24. Qc4 Bd6 25. Bxd4 Qh6 26. Ng3 Nc7 27. Bxa7
Nxb5 28. Qxb5 Bxg3 29. hxg3 Qc1+ 30. Kh2 Qh6+ 31. Kg1 Qc1+ 32. Qf1 Qd2 33. Qc4
Qd1+ 34. Kh2 Qh5+ 35. Kg1 Qd1+ 36. Kf2 Qd2+ 37. Kf3 Qd1+ 38. Kf2 Qd2+ 39. Kf3
Qd1+ 1/2-1/2

[Event "4NCL/Div2/KHE vs. RIC"]
[Site "Birmingham ENG"]
[Date "2001.09.22"]
[Round "1.3"]
[White "O'Shaughnessy, Conor"]
[Black "Hinks-Edwards, Thomas"]
[Result "0-1"]
[WhiteElo "2213"]
[BlackElo "2316"]
[PlyCount "76"]
[EventDate "2001.09.22"]
[SourceDate "2001.01.01"]

1. Nf3 d5 2. b3 Bg4 3. Bb2 Bxf3 4. exf3 e6 5. d4 g6 6. Nc3 Bg7 7. Qd2 Qd6 8.
Nb5 Qd8 9. Qf4 Na6 10. h4 h5 11. Bd3 Ne7 12. g4 Nc8 13. Ba3 hxg4 14. fxg4 g5
15. Qd2 gxh4 16. O-O-O Bf8 17. Bxf8 Rxf8 18. g5 c6 19. Nc3 Qa5 20. Kb2 Nd6 21.
Rxh4 O-O-O 22. a3 Nb8 23. Qe3 Nd7 24. Rh7 c5 25. dxc5 Qxc5 26. Nb5 Nxb5 27.
Qxc5+ Nxc5 28. Bxb5 e5 29. f3 Ne6 30. Rg1 Nd4 31. Bd3 Nxf3 32. Rg3 e4 33. Be2
Ne5 34. Rc3+ Kb8 35. Bh5 Rh8 36. Rxh8 Rxh8 37. Bd1 Rg8 38. Rc5 Rxg5 0-1

[Event "4NCL/Div2/KHE vs. RIC"]
[Site "Birmingham ENG"]
[Date "2001.09.22"]
[Round "1.4"]
[White "Franklin, Michael J"]
[Black "Kwiatkowski, Feliks J"]
[Result "0-1"]
[WhiteElo "2253"]
[BlackElo "2213"]
[PlyCount "92"]
[EventDate "2001.09.22"]
[SourceDate "2001.01.01"]

1. d4 Nf6 2. Nf3 g6 3. Bf4 Bg7 4. e3 d6 5. h3 Nbd7 6. Nbd2 O-O 7. Bc4 b6 8. O-O
Bb7 9. Re1 d5 10. Bb3 Ne4 11. c3 c5 12. a4 e6 13. Bh2 Nxd2 14. Qxd2 Qe7 15.
Rad1 Rfd8 16. Bc7 Re8 17. Bh2 Rad8 18. Bc7 Rc8 19. Bh2 Red8 20. Qe2 e5 21. dxe5
Nxe5 22. Nxe5 Bxe5 23. Bxe5 Qxe5 24. Rd2 Rc7 25. Red1 Rcd7 26. Qg4 Kg7 27. Bc4
Rd6 28. Be2 h5 29. Qh4 a5 30. Bf3 Bc6 31. Ra1 Be8 32. Rad1 f6 33. Ra1 g5 34.
Qg3 h4 35. Qxe5 fxe5 36. b3 Bf7 37. Rad1 d4 38. c4 e4 39. Bg4 Kf6 40. Kf1 Ke5
41. Ke2 b5 42. axb5 a4 43. Rc1 axb3 44. Rb2 Ra8 45. Rxb3 d3+ 46. Kd2 Ra2+ 0-1

[Event "4NCL/Div2/KHE vs. RIC"]
[Site "Birmingham ENG"]
[Date "2001.09.22"]
[Round "1.5"]
[White "Wittmann, Jochen"]
[Black "Webb, Laurence E"]
[Result "0-1"]
[WhiteElo "2096"]
[BlackElo "2250"]
[PlyCount "48"]
[EventDate "2001.09.22"]
[SourceDate "2001.01.01"]

1. e4 e5 2. Bc4 Nf6 3. d4 exd4 4. Nf3 Nxe4 5. Qxd4 Nf6 6. Bg5 c6 7. Nc3 d5 8.
O-O-O Be7 9. Rhe1 Be6 10. Qh4 Nbd7 11. Bd3 Nc5 12. Nd4 Nxd3+ 13. Rxd3 O-O 14.
Rg3 Kh8 15. Rxe6 fxe6 16. Rh3 Rf7 17. Nxe6 Qd7 18. Nf4 Kg8 19. Nce2 Re8 20.
Bxf6 gxf6 21. Rg3+ Rg7 22. Nh5 Rg5 23. f4 Rg6 24. Qxf6 Bxf6 0-1

[Event "4NCL/Div2/KHE vs. RIC"]
[Site "Birmingham ENG"]
[Date "2001.09.22"]
[Round "1.6"]
[White "Phillips, Roy"]
[Black "Ward, Julian T"]
[Result "1-0"]
[WhiteElo "2240"]
[BlackElo "2136"]
[PlyCount "62"]
[EventDate "2001.09.22"]
[SourceDate "2001.01.01"]

1. e4 c5 2. c3 Nf6 3. e5 Nd5 4. d4 cxd4 5. cxd4 Nc6 6. Nf3 d6 7. Bc4 Nb6 8. Bb5
d5 9. Be3 Bg4 10. Nbd2 Rc8 11. Rc1 e6 12. O-O Be7 13. Bxc6+ bxc6 14. h3 Bh5 15.
Qe2 O-O 16. Qa6 Rc7 17. Rc2 Qa8 18. Bg5 f6 19. exf6 gxf6 20. Bf4 Rcc8 21. Re1
Bf7 22. Qe2 Rfe8 23. Bh6 Bf8 24. Bxf8 Kxf8 25. Qe3 Kg7 26. Nh2 Bg6 27. Rc5 Rf8
28. Ng4 h5 29. Qh6+ Kf7 30. Nxf6 Rh8 31. Qf4 Bf5 {Rest illegible 1-0 38} 1-0

[Event "4NCL/Div2/KHE vs. RIC"]
[Site "Birmingham ENG"]
[Date "2001.09.22"]
[Round "1.7"]
[White "Bolt, Graham"]
[Black "Nixon, Thomas CM"]
[Result "1/2-1/2"]
[WhiteElo "2124"]
[BlackElo "2137"]
[PlyCount "40"]
[EventDate "2001.09.22"]
[SourceDate "2001.01.01"]

1. e4 e5 2. Nf3 Nc6 3. d4 exd4 4. Nxd4 Nf6 5. Nxc6 bxc6 6. Bd3 d5 7. e5 Ng4 8.
O-O Bc5 9. Bf4 O-O 10. h3 Nxf2 11. Rxf2 Bxf2+ 12. Kxf2 Qh4+ 13. Bg3 Qd4+ 14.
Kf1 Qe3 15. Qe1 Qb6 16. Qc3 f6 17. e6 c5 18. e7 Re8 19. Bf2 d4 20. Qb3+ Be6
1/2-1/2

[Event "4NCL/Div2/KHE vs. RIC"]
[Site "Birmingham ENG"]
[Date "2001.09.22"]
[Round "1.8"]
[White "Wilson, Alexandra"]
[Black "Kelly, Alexandra M"]
[Result "1-0"]
[WhiteElo "1664"]
[BlackElo "1736"]
[PlyCount "27"]
[EventDate "2001.09.22"]
[SourceDate "2001.01.01"]

1. e4 c5 2. c3 d5 3. exd5 Qxd5 4. d4 Nf6 5. Nf3 Bg4 6. Be2 e6 7. Be3 cxd4 8.
cxd4 Nc6 9. O-O Be7 10. Nc3 Qd7 11. Rc1 a6 12. Qb3 O-O 13. Rfd1 Rfd8 14. Ne5
1-0

[Event "4NCL/Div2/PYO vs. NWE"]
[Site "Birmingham ENG"]
[Date "2001.09.22"]
[Round "1.1"]
[White "Hanley, Craig"]
[Black "Quillan, Gary"]
[Result "1-0"]
[WhiteElo "2278"]
[BlackElo "2328"]
[PlyCount "65"]
[EventDate "2001.09.22"]
[SourceDate "2001.01.01"]

1. c4 e5 2. g3 Nf6 3. Bg2 c6 4. d4 Bb4+ 5. Bd2 Qb6 6. c5 Qa5 7. a3 Bxd2+ 8.
Nxd2 d5 9. dxe5 Ng4 10. b4 Qc7 11. Ngf3 Nd7 12. e4 Ndxe5 13. O-O Nxf3+ 14. Qxf3
Be6 15. exd5 cxd5 16. Rfe1 h5 17. Qxd5 Rd8 18. Qg5 Kf8 19. Rad1 Qd7 20. Bxb7 f6
21. Qf4 g5 22. Qf3 Qf7 23. Nf1 Kg7 24. Be4 h4 25. Rxd8 Rxd8 26. Ne3 Ne5 27.
Nf5+ Kh8 28. Qe2 g4 29. Nxh4 Rd4 30. Qe3 Qd7 31. Ng6+ Nxg6 32. Bxg6 Rd1 33.
Qh6+ 1-0

[Event "4NCL/Div2/PYO vs. NWE"]
[Site "Birmingham ENG"]
[Date "2001.09.22"]
[Round "1.2"]
[White "Littlewood, John E"]
[Black "Addison, Bret"]
[Result "1/2-1/2"]
[WhiteElo "2286"]
[BlackElo "2218"]
[PlyCount "91"]
[EventDate "2001.09.22"]
[SourceDate "2001.01.01"]

1. e4 e5 2. Nf3 Nc6 3. Bb5 a6 4. Ba4 Nf6 5. O-O b5 6. Bb3 Bc5 7. Nxe5 Nxe5 8.
d4 Bxd4 9. Qxd4 d6 10. c3 Bb7 11. Bf4 c5 12. Qe3 c4 13. Bc2 O-O 14. Nd2 Re8 15.
Rad1 Qa5 16. a4 Re6 17. b4 Qc7 18. axb5 axb5 19. Ra1 Rae8 20. Ra5 Qc6 21. Qd4
h6 22. h3 g5 23. Be3 Ned7 24. Rd1 d5 25. f3 Re5 26. Nf1 dxe4 27. fxe4 Nf8 28.
Qd6 Nxe4 29. Qxc6 Bxc6 30. Bd4 R5e6 31. Bxe4 Rxe4 32. Ng3 Re1+ 33. Rxe1 Rxe1+
34. Kf2 Rc1 35. Nf5 Rc2+ 36. Ke3 Ne6 37. Ne7+ Kh7 38. Nxc6 Rxg2 39. Be5 f5 40.
Ne7 f4+ 41. Kf3 Rg3+ 42. Ke4 Rxh3 43. Ra8 Re3+ 44. Kd5 Nc7+ 45. Bxc7 Rxe7 46.
Be5 1/2-1/2

[Event "4NCL/Div2/PYO vs. NWE"]
[Site "Birmingham ENG"]
[Date "2001.09.22"]
[Round "1.3"]
[White "Bigg, Andrew J"]
[Black "Charleshouse, Glenn L"]
[Result "1/2-1/2"]
[WhiteElo "2216"]
[BlackElo "2334"]
[PlyCount "110"]
[EventDate "2001.09.22"]
[SourceDate "2001.01.01"]

1. d4 Nf6 2. Bg5 g6 3. Bxf6 exf6 4. c4 Bg7 5. Nc3 f5 6. g3 O-O 7. Bg2 c5 8. d5
d6 9. e3 Nd7 10. Nge2 Ne5 11. b3 a6 12. O-O Qa5 13. Qd2 b5 14. f4 b4 15. fxe5
bxc3 16. Qxc3 Qd8 17. Rae1 Bxe5 18. Qc2 Bd7 19. Nf4 Qg5 20. Nd3 Bg7 21. e4 fxe4
22. Bxe4 Rae8 23. b4 cxb4 24. Nxb4 h5 25. Bg2 Rxe1 26. Rxe1 h4 27. Qc1 Bd4+ 28.
Kh1 Qxc1 29. Rxc1 hxg3 30. Nxa6 Kg7 31. c5 dxc5 32. Nxc5 Rh8 33. h3 Rc8 34. Nb3
Rxc1+ 35. Nxc1 g5 36. Nb3 Be3 37. Na5 Kf6 38. Nc4 Bc5 39. Nd2 Bf2 40. Ne4+ Kf5
41. Bf3 Kf4 42. Kg2 Be1 43. d6 Bf5 44. Nc5 Bxh3+ 45. Kxh3 Kxf3 46. Nd3 Bc3 47.
d7 g4+ 48. Kh4 Bf6+ 49. Kh5 g2 50. Ne1+ Kf2 51. Nxg2 Kxg2 52. Kxg4 Bd8 53. Kf5
Kf3 54. a4 Ke3 55. a5 Bxa5 1/2-1/2

[Event "4NCL/Div2/PYO vs. NWE"]
[Site "Birmingham ENG"]
[Date "2001.09.22"]
[Round "1.4"]
[White "Lund, D. Brett"]
[Black "Taylor, Martin R"]
[Result "0-1"]
[WhiteElo "2304"]
[BlackElo "2175"]
[PlyCount "100"]
[EventDate "2001.09.22"]
[SourceDate "2001.01.01"]

1. c4 e5 2. g3 Nc6 3. Bg2 g6 4. Nc3 Bg7 5. e4 d6 6. Nge2 h5 7. h4 Nf6 8. d3 Nd7
9. Bg5 f6 10. Be3 Nc5 11. d4 exd4 12. Nxd4 Ne5 13. Qe2 Ncd3+ 14. Kf1 Nc5 15.
Rd1 O-O 16. b4 Ne6 17. Nb3 Qe8 18. f4 Ng4 19. Bc1 f5 20. Nd5 fxe4 21. Bxe4 Kh7
22. Qf3 Bh6 23. Kg2 Qf7 24. Rhf1 Ng7 25. Rfe1 c6 26. Ne7 Nf5 27. Nxf5 gxf5 28.
Bb1 Bg7 29. Rxd6 Qxc4 30. Qd3 Qxd3 31. Bxd3 Rf7 32. Re8 Nh6 33. Rdd8 Rc7 34.
Bc4 Bf6 35. Rd1 b6 36. Be3 Bb7 37. Rxa8 Bxa8 38. Kf1 Bb7 39. a4 Re7 40. Bd4
Bxd4 41. Nxd4 c5 42. bxc5 bxc5 43. Ne6 Ng4 44. Re1 Kh8 45. Ke2 Ba6 46. Kd3 Nf2+
47. Kc3 Ne4+ 48. Rxe4 fxe4 49. Bd5 e3 50. f5 e2 0-1

[Event "4NCL/Div2/PYO vs. NWE"]
[Site "Birmingham ENG"]
[Date "2001.09.22"]
[Round "1.5"]
[White "Rendle, Thomas E"]
[Black "Kennaugh, Charles W"]
[Result "1-0"]
[WhiteElo "2141"]
[BlackElo "2256"]
[PlyCount "45"]
[EventDate "2001.09.22"]
[SourceDate "2001.01.01"]

1. e4 e5 2. Nf3 Nc6 3. Bb5 f5 4. Nc3 Nf6 5. exf5 Be7 6. Bxc6 dxc6 7. Nxe5 Bxf5
8. d4 O-O 9. Be3 Nd5 10. Nxd5 Qxd5 11. O-O Bd6 12. f4 Qe4 13. Qd3 Qxd3 14. cxd3
Bxe5 15. dxe5 Bxd3 16. Rfd1 Rad8 17. Rd2 Rd5 18. Rad1 Be4 19. g3 a5 20. Rd4 b6
21. R1d2 Rfd8 22. e6 Kf8 23. Rxe4 1-0

[Event "4NCL/Div2/PYO vs. NWE"]
[Site "Birmingham ENG"]
[Date "2001.09.22"]
[Round "1.6"]
[White "Merriman, John"]
[Black "Gilbert, Jessie"]
[Result "1/2-1/2"]
[WhiteElo "2249"]
[BlackElo "2066"]
[PlyCount "63"]
[EventDate "2001.09.22"]
[SourceDate "2001.01.01"]

1. d4 Nf6 2. c4 g6 3. Nc3 Bg7 4. e4 d6 5. f3 O-O 6. Be3 Nc6 7. Nge2 a6 8. Qd2
Rb8 9. h4 h5 10. O-O-O b5 11. Nf4 bxc4 12. Bxc4 Na5 13. Be2 Bb7 14. Qc2 Nc6 15.
e5 Nb4 16. Qb3 Bd5 17. Qa3 Nxa2+ 18. Nxa2 Rb3 19. Qa5 Rxe3 20. exf6 Bh6 21.
fxe7 Rxe7 22. Kb1 Bxf4 23. Bd3 Bb3 24. Rdf1 Be3 25. Nb4 Qd7 26. Qa3 Be6 27. Be4
Bf4 28. Bc6 Qc8 29. g3 Bd2 30. Nd5 Bxd5 31. Bxd5 Kg7 32. Rd1 1/2-1/2

[Event "4NCL/Div2/PYO vs. NWE"]
[Site "Birmingham ENG"]
[Date "2001.09.22"]
[Round "1.7"]
[White "Timms, Nicholas"]
[Black "Hague, Ben"]
[Result "0-1"]
[WhiteElo "2102"]
[BlackElo "2214"]
[PlyCount "44"]
[EventDate "2001.09.22"]
[SourceDate "2001.01.01"]

1. d4 d6 2. Nf3 f5 3. c4 Nf6 4. Bg5 Nbd7 5. Qc2 e6 6. e3 Be7 7. Nc3 O-O 8. e4
Nxe4 9. Nxe4 fxe4 10. Bxe7 Qxe7 11. Qxe4 e5 12. dxe5 Nxe5 13. Nxe5 dxe5 14. a3
Rf4 15. Qe3 Bf5 16. O-O-O Re4 17. Qd2 Rd4 18. Qe3 Qd7 19. Be2 Qa4 20. Qc3 Rad8
21. f4 Qc6 22. fxe5 Qe4 0-1

[Event "4NCL/Div2/PYO vs. NWE"]
[Site "Birmingham ENG"]
[Date "2001.09.22"]
[Round "1.8"]
[White "Summerscale, Claire E"]
[Black "Levermore, Peter"]
[Result "1-0"]
[WhiteElo "1800"]
[BlackElo "2066"]
[PlyCount "67"]
[EventDate "2001.09.22"]
[SourceDate "2001.01.01"]

1. d4 g6 2. e4 Bg7 3. Nf3 d6 4. c3 Nf6 5. Bd3 O-O 6. O-O c6 7. Bg5 Qc7 8. Nbd2
Nbd7 9. a4 e5 10. dxe5 Nxe5 11. Nxe5 dxe5 12. Nc4 Be6 13. Qf3 Ne8 14. Rfd1 Rb8
15. Be3 b6 16. b4 f5 17. Qe2 f4 18. Bc1 Rd8 19. Ba3 Qf7 20. Nd2 g5 21. h3 h5
22. Bc4 g4 23. Bxe6 Qxe6 24. hxg4 hxg4 25. Qc4 Kf7 26. Qxe6+ Kxe6 27. Nc4 Nf6
28. f3 g3 29. b5 c5 30. a5 Rxd1+ 31. Rxd1 Rb8 32. axb6 axb6 33. Rd6+ Ke7 34.
Rxb6 {1-0, 43} 1-0

[Event "4NCL/Div2/SLO2 vs. 3CS"]
[Site "Birmingham ENG"]
[Date "2001.09.22"]
[Round "1.1"]
[White "Harris, Michael J"]
[Black "Davies, Nigel R"]
[Result "0-1"]
[WhiteElo "2235"]
[BlackElo "2476"]
[PlyCount "74"]
[EventDate "2001.09.22"]
[SourceDate "2001.01.01"]

1. d4 Nf6 2. c4 g6 3. Nc3 d5 4. cxd5 Nxd5 5. Bd2 Bg7 6. e4 Nb6 7. Be3 O-O 8.
Nf3 Bg4 9. Be2 e6 10. Ne5 Bxe2 11. Qxe2 Bxe5 12. dxe5 Nc6 13. f4 Qe7 14. Qf2
Rfd8 15. O-O Rd3 16. Bc5 Qe8 17. Qe2 Rd7 18. h4 Qd8 19. h5 Rd2 20. Qg4 Nc4 21.
hxg6 hxg6 22. b3 Nb2 23. f5 Nxe5 24. Qf4 f6 25. fxg6 Rd7 26. Qxf6 Qxf6 27. Rxf6
Nbd3 28. Rxe6 Ng4 29. Ba3 Nf4 30. Re7 Rd2 31. Bc5 Rxg2+ 32. Kf1 Nh2+ 33. Ke1
Nd3+ 34. Kd1 Nxc5 35. Nd5 Rd8 36. Rc1 Nxe4 37. Rcxc7 Rxd5+ 0-1

[Event "4NCL/Div2/SLO2 vs. 3CS"]
[Site "Birmingham ENG"]
[Date "2001.09.22"]
[Round "1.2"]
[White "Adams, Phil"]
[Black "Tarifa, Alket"]
[Result "1/2-1/2"]
[WhiteElo "2160"]
[BlackElo "2080"]
[PlyCount "47"]
[EventDate "2001.09.22"]
[SourceDate "2001.01.01"]

1. e4 c6 2. Nf3 d5 3. exd5 cxd5 4. c4 d4 5. d3 Nc6 6. g3 e5 7. Bg2 Bd6 8. O-O
Nf6 9. a3 a5 10. Bg5 h6 11. Bxf6 Qxf6 12. Nbd2 O-O 13. Ne4 Qe7 14. Nxd6 Qxd6
15. Re1 Bf5 16. Nh4 Bh7 17. Qf3 Rad8 18. Nf5 Qf6 19. g4 Rfe8 20. c5 e4 21. dxe4
Ne5 22. Qg3 g5 23. Nd6 Re7 24. Rad1 1/2-1/2

[Event "4NCL/Div2/SLO2 vs. 3CS"]
[Site "Birmingham ENG"]
[Date "2001.09.22"]
[Round "1.3"]
[White "Armstrong, Malcolm J"]
[Black "Bentley, John L"]
[Result "0-1"]
[WhiteElo "2115"]
[BlackElo "2166"]
[PlyCount "82"]
[EventDate "2001.09.22"]
[SourceDate "2001.01.01"]

1. d4 Nf6 2. Nf3 g6 3. g3 Bg7 4. Bg2 O-O 5. c4 d6 6. Nc3 Nbd7 7. O-O a6 8. h3
c5 9. d5 b5 10. cxb5 axb5 11. Nxb5 Ba6 12. Nc3 Qa5 13. Qc2 Rfb8 14. Re1 Ne8 15.
e4 Nc7 16. Nd2 Nb5 17. Nxb5 Bxb5 18. f4 c4 19. Nf3 c3 20. e5 cxb2 21. Bxb2 Ba4
22. Qf2 Nc5 23. Re3 Bb5 24. Bc3 Qa4 25. Ng5 h6 26. Ne4 Nxe4 27. Bxe4 Rc8 28.
Bc2 Qc4 29. Bb3 Qc5 30. Bb2 Bc4 31. Rd1 Bxb3 32. axb3 Ra2 33. Re2 Qb5 34. Qe3
Rb8 35. Rd3 Qa6 36. h4 Rxb2 37. exd6 Rxe2 38. Qxe2 Qxd6 39. h5 gxh5 40. Qxh5
Ra8 41. Qf3 Ra2 0-1

[Event "4NCL/Div2/SLO2 vs. 3CS"]
[Site "Birmingham ENG"]
[Date "2001.09.22"]
[Round "1.4"]
[White "Walton, Alan J"]
[Black "Nicholas, Koichi"]
[Result "0-1"]
[WhiteElo "2212"]
[BlackElo "2112"]
[PlyCount "70"]
[EventDate "2001.09.22"]
[SourceDate "2001.01.01"]

1. d4 c5 2. d5 Nf6 3. Nc3 Qa5 4. Bd2 b5 5. Ne4 b4 6. Nxf6+ gxf6 7. e4 d6 8. a3
Qb6 9. axb4 cxb4 10. Be3 Qc7 11. Nf3 Bg7 12. Nd4 a5 13. Bb5+ Bd7 14. Bxd7+ Nxd7
15. O-O Ne5 16. Qh5 O-O 17. Rae1 a4 18. f4 Ng6 19. Rf3 Rfb8 20. Rh3 a3 21.
Qxh7+ Kf8 22. Qxg6 e5 23. fxe5 dxe5 24. Ne6+ fxe6 25. dxe6 axb2 26. Kh1 Rb7 27.
Rf1 Ra1 28. Rhf3 Qe7 29. Bh6 Kg8 30. Bxg7 Qxg7 31. Qe8+ Qf8 32. Rg3+ Rg7 33.
Rxg7+ Kxg7 34. Qd7+ Kg8 35. Qd3 b1=Q 0-1

[Event "4NCL/Div2/SLO2 vs. 3CS"]
[Site "Birmingham ENG"]
[Date "2001.09.22"]
[Round "1.5"]
[White "de Coverly, Roger"]
[Black "Ashton, Adam G"]
[Result "1-0"]
[WhiteElo "2099"]
[BlackElo "2146"]
[PlyCount "59"]
[EventDate "2001.09.22"]
[SourceDate "2001.01.01"]

1. e4 e5 2. Nf3 Nc6 3. Bb5 a6 4. Ba4 Nf6 5. O-O Be7 6. Re1 b5 7. Bb3 O-O 8. d4
d6 9. c3 Bg4 10. d5 Na5 11. Bc2 Qc8 12. h3 Bd7 13. Nbd2 c6 14. dxc6 Qxc6 15.
Nf1 Rfe8 16. Ng3 Bf8 17. a4 Nc4 18. Qe2 h6 19. Bd3 Na5 20. Nd2 bxa4 21. Bc2 Nb3
22. Nxb3 axb3 23. Bxb3 d5 24. exd5 Nxd5 25. Qh5 g6 26. Qf3 Nf4 27. Ne4 Bf5 28.
Ba4 Qb6 29. Bxe8 Rxe8 30. Bxf4 1-0

[Event "4NCL/Div2/SLO2 vs. 3CS"]
[Site "Birmingham ENG"]
[Date "2001.09.22"]
[Round "1.6"]
[White "Taylor, Robert M"]
[Black "Acey, Gerald"]
[Result "1/2-1/2"]
[WhiteElo "2065"]
[BlackElo "2000"]
[PlyCount "87"]
[EventDate "2001.09.22"]
[SourceDate "2001.01.01"]

1. e4 c5 2. Nc3 Nc6 3. f4 g6 4. Nf3 Bg7 5. Bb5 e6 6. Bxc6 bxc6 7. e5 d5 8. exd6
Nf6 9. O-O Qxd6 10. d3 O-O 11. Qe2 Nd5 12. Ne4 Qc7 13. Ne5 Rb8 14. Nxc5 Rb5 15.
d4 Qb6 16. c4 Rxc5 17. dxc5 Qxc5+ 18. Qf2 Qxf2+ 19. Rxf2 Ne7 20. Be3 Ba6 21.
Bc5 Re8 22. Rd1 f6 23. Nf3 Bxc4 24. Rd7 Nc8 25. b3 Bd5 26. Bxa7 Nxa7 27. Rxa7
e5 28. fxe5 fxe5 29. Re2 e4 30. Ra4 Bf8 31. Nd4 e3 32. Nc2 Bc5 33. Ra5 Bb6 34.
Ra6 Bc5 35. b4 Bc4 36. bxc5 Bxe2 37. Ra3 Bc4 38. Nxe3 Bxa2 39. Ng4 Re2 40. Ra7
h5 41. Nf6+ Kf8 42. Nd7+ Ke8 43. Nf6+ Kf8 44. Nd7+ 1/2-1/2

[Event "4NCL/Div2/SLO2 vs. 3CS"]
[Site "Birmingham ENG"]
[Date "2001.09.22"]
[Round "1.7"]
[White "Jeffries, Majid"]
[Black "Gordon, Stephen"]
[Result "1/2-1/2"]
[WhiteElo "2008"]
[BlackElo "1968"]
[PlyCount "81"]
[EventDate "2001.09.22"]
[SourceDate "2001.01.01"]

1. d4 Nf6 2. c4 e6 3. Nf3 Bb4+ 4. Bd2 Bxd2+ 5. Nbxd2 b6 6. g3 Bb7 7. Bg2 O-O 8.
Qc2 c5 9. dxc5 bxc5 10. O-O Qc7 11. e4 Nc6 12. Qc3 d6 13. Rfe1 Nd7 14. a3 a5
15. Rad1 Nde5 16. Nxe5 dxe5 17. Nf3 a4 18. Rd2 Rfb8 19. Qe3 Nd4 20. Nxd4 exd4
21. Qf4 Qxf4 22. gxf4 Bc6 23. Bf1 Rb3 24. Bd3 f6 25. f3 Rab8 26. Ree2 Kf7 27.
Kf2 Ke8 28. Bc2 R3b6 29. Bd3 Ke7 30. Ke1 Bb7 31. Rg2 Kf8 32. Kd1 Bc6 33. Kc1 g6
34. h4 Kf7 35. Rh2 h6 36. Rhg2 Rg8 37. Rg1 e5 38. fxe5 fxe5 39. Rdg2 Bd7 40.
Be2 Rf6 41. Kc2 1/2-1/2

[Event "4NCL/Div2/SLO2 vs. 3CS"]
[Site "Birmingham ENG"]
[Date "2001.09.22"]
[Round "1.8"]
[White "Martin, Katie A"]
[Black "Chevannes, Sabrina"]
[Result "1-0"]
[WhiteElo "1448"]
[BlackElo "1824"]
[PlyCount "87"]
[EventDate "2001.09.22"]
[SourceDate "2001.01.01"]

1. e4 c6 2. d4 d5 3. Nc3 g6 4. Nf3 Bg7 5. Be3 Bg4 6. h3 dxe4 7. hxg4 exf3 8.
gxf3 Nd7 9. Qd2 e6 10. Be2 Qe7 11. O-O-O O-O-O 12. Ne4 f6 13. Qa5 Kb8 14. d5 b6
15. d6 bxa5 16. dxe7 Nxe7 17. Nc5 Nxc5 18. Rxd8+ Rxd8 19. Bxc5 Nd5 20. Rxh7 Rg8
21. Bd6+ Ka8 22. c4 Nb6 23. Bd3 f5 24. b3 Nd7 25. g5 Ne5 26. Be2 Nf7 27. Be7
Ne5 28. f4 Nd7 29. Bd6 Kb7 30. c5 Nb8 31. Bc4 Ka8 32. Bxe6 Re8 33. Rxg7 Rxe6
34. Rg8 Rxd6 35. cxd6 Kb7 36. Rxg6 Nd7 37. Kc2 Kc8 38. Kc3 Nc5 39. Kd4 Ne4 40.
Ke5 Nxf2 41. Kxf5 Nd3 42. Rg7 Nc5 43. g6 Nd7 44. Rxd7 1-0

[Event "4NCL/Div2/SWD1 vs. BGR3"]
[Site "Birmingham ENG"]
[Date "2001.09.22"]
[Round "1.1"]
[White "Cobb, James E"]
[Black "Broom, Mark"]
[Result "1/2-1/2"]
[WhiteElo "2348"]
[BlackElo "2240"]
[PlyCount "64"]
[EventDate "2001.09.22"]
[SourceDate "2001.01.01"]

1. Nf3 d5 2. c4 c6 3. d4 Nf6 4. Qc2 g6 5. Nc3 Bg7 6. Bf4 Bf5 7. Qb3 Qb6 8. c5
Qxb3 9. axb3 O-O 10. e3 Nbd7 11. h3 Ne4 12. b4 Rfe8 13. Be2 e5 14. dxe5 Nxe5
15. Nxe5 Bxe5 16. Bxe5 Rxe5 17. O-O Nd2 18. Rfd1 Nb3 19. Ra3 Bc2 20. Re1 d4 21.
Bd1 dxc3 22. Bxc2 Nd4 23. Rxc3 a5 24. f4 Nxc2 25. Rxc2 Re4 26. bxa5 Rxa5 27.
Kf2 Rb5 28. Kf3 Ra4 29. Ree2 Raa5 30. Rcd2 Rb3 31. Rc2 Rbb5 32. Rcd2 Rb3
1/2-1/2

[Event "4NCL/Div2/SWD1 vs. BGR3"]
[Site "Birmingham ENG"]
[Date "2001.09.22"]
[Round "1.2"]
[White "Cooper, Andrew"]
[Black "Cooper, John G"]
[Result "1/2-1/2"]
[WhiteElo "2163"]
[BlackElo "2332"]
[PlyCount "51"]
[EventDate "2001.09.22"]
[SourceDate "2001.01.01"]

1. d4 d5 2. c4 e6 3. Nc3 c5 4. cxd5 exd5 5. Nf3 Nc6 6. g3 Nf6 7. Bg2 Be7 8. O-O
O-O 9. Bg5 cxd4 10. Nxd4 h6 11. Bf4 Bg4 12. h3 Bh5 13. Ndb5 d4 14. Bxc6 dxc3
15. Bxb7 Qb6 16. Bxa8 cxb2 17. Rb1 Qxb5 18. Bf3 Bxf3 19. exf3 Nd5 20. Be5 Ne3
21. Qb3 Qxe5 22. Qxe3 Bf6 23. Qxe5 Bxe5 24. Rfe1 Bf6 25. Kg2 a5 26. a4 1/2-1/2

[Event "4NCL/Div2/SWD1 vs. BGR3"]
[Site "Birmingham ENG"]
[Date "2001.09.22"]
[Round "1.3"]
[White "Zeidler, Sven P"]
[Black "Cafferty, Bernard"]
[Result "1/2-1/2"]
[WhiteElo "2293"]
[BlackElo "2182"]
[PlyCount "115"]
[EventDate "2001.09.22"]
[SourceDate "2001.01.01"]

1. e4 Nf6 2. Nc3 d5 3. e5 d4 4. exf6 dxc3 5. fxg7 cxd2+ 6. Qxd2 Qxd2+ 7. Bxd2
Bxg7 8. O-O-O Bg4 9. f3 Bd7 10. Bd3 Nc6 11. Ne2 Ne5 12. Bc3 Nxd3+ 13. Rxd3 Rg8
14. Bxg7 Rxg7 15. Nf4 Bc6 16. Rhd1 e6 17. R3d2 Ke7 18. Nd3 Rag8 19. Ne1 Rg5 20.
c4 Rh5 21. h3 Rh4 22. b3 a5 23. Nc2 a4 24. Nd4 Rxd4 25. Rxd4 Rxg2 26. R1d2 Rg3
27. b4 Rxh3 28. b5 Be8 29. R2d3 c5 30. Re4 f6 31. Rde3 e5 32. f4 Rh2 33. fxe5
f5 34. Rf4 Rxa2 35. Kb1 Rd2 36. Ra3 Ke6 37. Rxa4 Kxe5 38. Rh4 Bg6 39. Kc1 Rg2
40. Ra7 f4 41. Rxb7 f3 42. Rc7 f2 43. Rxc5+ Ke6 44. Rc6+ Ke7 45. Rf4 Rg1+ 46.
Kb2 f1=Q 47. Rxf1 Rxf1 48. Kc3 Kd7 49. Kb4 Be4 50. Rc5 Rf5 51. Rxf5 Bxf5 52.
Kc3 h5 53. Kd4 h4 54. Ke3 Kd6 55. Kf2 Be4 56. Kg1 Kc5 57. Kh2 Bf5 58. Kg2
1/2-1/2